Normal view
MARC view
Entry Personal Name
001 - CONTROL NUMBER
- control field: 3402
003 - CONTROL NUMBER IDENTIFIER
- control field: ARRUPE
005 - DATE AND TIME OF LATEST TRANSACTION
- control field: 20131106145343.0
008 - FIXED-LENGTH DATA ELEMENTS
- fixed length control field: 131106|| aca||aabn | a|a d
040 ## - CATALOGING SOURCE
- Original cataloging agency: ARRUPE
- Transcribing agency: ARRUPE
100 ## - HEADING--PERSONAL NAME
- Personal name: Walter, James J.
670 ## - SOURCE DATA FOUND
- Source citation: Work cat.: (ARRUPE)0: Walter, James J., Contemporary issues in bioethics :, c2005.